00466nam a22001217a 4500020001600000082001200016100001900028245017800047260003600225300001800261650003800279700002700317 qHard Cover. a620.005 aBurki, Ibrahim aSupply Chain Integration and Supplier Management in Supply Chain Effectiveness of Supply Chain Integration and Supplier Management in Supply Chain Networks /cIbrahim Burki. aIslamabad:bCEME - NUST,c2014. bill. ;c30cm, aEngineering Management MS-Thesis. aDr. Akhtar Nawaz Malik